The Kamil of El-Mubarrad /
محفوظ في:
المؤلف الرئيسي:
مؤلفون آخرون:
التنسيق: كتاب
اللغة:
Arabic
English
منشور في:
Leipzig :
G. Kreysing,
1866.
الموضوعات:
الوسوم: إضافة وسم
لا توجد وسوم, كن أول من يضع وسما على هذه التسجيلة!
رقم الطلب: ( RA )PJ7528 .M8 1866 v.2
| LEADER | 01103nam a2200253Ia 4500 | ||
|---|---|---|---|
| 003 | OSt | ||
| 005 | 20240527092022.0 | ||
| 008 | 130303s1866 gw 001 0 ara d | ||
| 952 | |0 0 |1 0 |2 lcc |4 0 |7 1 |9 29146 |a ARCE |b ARCE |d 2022-01-25 |l 0 |o ( RA )PJ7528 .M8 1866 v.2 |p 1035027 |r 2022-01-25 00:00:00 |w 2022-01-25 |y BK | ||
| 999 | |c 27369 |d 27369 | ||
| 040 | |c ARCE Library | ||
| 041 | 1 | |a ara |a eng | |
| 050 | 4 | |a ( RA )PJ7528 .M8 1866 v.2 | |
| 100 | 1 | |6 880-01 |a Mubarrad, Muḥammad ibn Yazīd, |d -898, |e author |9 36336 | |
| 245 | 1 | 4 | |a The Kamil of El-Mubarrad / |c edited by William Wright. |
| 264 | 1 | |a Leipzig : |b G. Kreysing, |c 1866. | |
| 300 | |a volume <2> ; |c 24 cm. | ||
| 500 | |a Includes indexes. | ||
| 546 | |a In Arabic; introduction in English. | ||
| 650 | 0 | |a Arabic literature |x History and criticism |v Early works to 1800. | |
| 700 | 1 | |a Wright, William, |d 1830-1889. | |
| 880 | 1 | |6 100-01/(3/r |a مبرد، محمد بن يزيد، |d -898. | |
| 901 | |a reviewed | ||
| 942 | |c BK |2 lcc | ||
